000 01060nam a22003257a 4500
003 CHAP
005 20220329135851.0
008 971013s1974 r 00010 d
010 _a43550
011 _a44522
035 _a48660
040 _cCHAP
090 _aFolleto 4189
100 0 0 _aFuentes Castellanos, Dilio F.
_943836
245 _aAnálisis del poder de pesca de la flota camaronera del puerto de Campeche, Camp.
260 _aMéxico, D.F. :
_bInstituto Nacional de Pesca,
_c1974
300 _a30 p.
_b: gráfs.
490 _aSerie informativa
_v; 19
590 _aBATCH-UPD
_b10
_c20130110
_lUCH01
_h0232
590 _aBATCH-UPD
_b10
_c20130110
_lUCH01
_h1423
590 _aBATCH-UPD
_b10
_c20130409
_lUCH01
_h2256
590 _aBATCH-UPD
_b10
_c20130914
_lUCH01
_h0820
590 _aCONVERSION
_b10
_c20130109
_lUCH01
_h1324
650 1 4 _aCamarón.
_917762
650 1 4 _aPesca
_xEmbarcaciones.
_987376
830 0 _aSerie informativa
_v; 19
_9104911
901 _aBK
942 _cFOLL
949 _aFolleto 4189
_bBC
_cFOLL
_d-110066
_eTS1
_i48660
_mD
_si
999 _c43550
_d43550